| 000 | 00445nam a2200181Ia 4500 | ||
|---|---|---|---|
| 001 | 10575 | ||
| 005 | 20260306161842.0 | ||
| 008 | 260306t1977||||xx |||||||||||||| ||spa|| | ||
| 041 | _aESP | ||
| 082 |
_a940.53 _bD98 |
||
| 100 |
_aDurán Pombo, Jaime _eAUT |
||
| 245 | 0 | _aDesarrollo histórico de la Segunda Guerra Mundial | |
| 260 | _c1977 | ||
| 300 |
_a101 páginas : _ccm. |
||
| 650 | _aGEN | ||
| 654 | _aCHU | ||
| 942 |
_cLIB _dJUS _fJUS _2ddc _n |
||
| 999 |
_c10575 _d10575 |
||